Loading...
| Fine Arts - Auditory Fine Arts | 0 | 6 | 1 | 1 | 55 | 80 | 95.00 | 2 | 6 |
| Fine Arts - Visual Fine Arts | 1 | 3 | 0 | 0 | 45 | 24 | 68.25 | 3 | 4 |
| Literature - European Literature | 2 | 0 | 0 | 0 | 30 | 54 | 60.00 | 1 | 2 |
| Science - Biology | 0 | 2 | 0 | 1 | 20 | 97 | 108.50 | 1 | 2 |
| Beliefs | 1 | 0 | 0 | 0 | 15 | 48 | 48.00 | 0 | 1 |
| History - American History | 1 | 0 | 0 | 0 | 15 | 47 | 47.00 | 1 | 1 |
| Literature - American Literature | 1 | 0 | 0 | 0 | 15 | 78 | 78.00 | 0 | 1 |
| History - European History | 0 | 1 | 0 | 0 | 10 | 83 | 83.00 | 0 | 1 |
| Geography | 0 | 1 | 0 | 0 | 10 | 79 | 79.00 | 1 | 1 |
| Social Science | 0 | 0 | 0 | 0 | 0 | 0.00 | 0 | 0 | |
| Other Arts: Visual | 0 | 0 | 1 | 0 | -5 | 0.00 | 0 | 0 | |
| Other Science: Earth Science | 0 | 0 | 1 | 0 | -5 | 0.00 | 0 | 0 | |
| Other Academic | 0 | 0 | 1 | 0 | -5 | 0.00 | 0 | 0 | |
| Other Arts: Auditory | 0 | 0 | 1 | 0 | -5 | 0.00 | 0 | 0 | |
| 0 | 0 | 3 | 0 | -15 | 0.00 | 0 | 0 |